Historia de la ciudad de Compluto, vulgarmente, Alcala de Santivste, y ahora de Henares (Record no. 5240)

MARC details
000 -LEADER
campo de control de longitud fija 00977npm a2200253 i 4500
001 - NÚMERO DE CONTROL
campo de control 5240
003 - IDENTIFICADOR DE NÚMERO DE CONTROL
campo de control ES-MaACL
005 - FECHA Y HORA DE LA ÚLTIMA TRANSACCIÓN
campo de control 20230909114214.0
007 - CAMPO FIJO DE DESCRIPCIÓN FÍSICA--INFORMACIÓN GENERAL
campo de control de longitud fija hzrazu bucu
008 - DATOS DE LONGITUD FIJA--INFORMACIÓN GENERAL
campo de control de longitud fija 900425r19901725sp a 00010 spa d
080 ## - NÚMERO DE LA CLASIFICACIÓN DECIMAL UNIVERSAL
Número de la Clasificación Decimal Universal 013(46.41 Alcala)
080 ## - NÚMERO DE LA CLASIFICACIÓN DECIMAL UNIVERSAL
Número de la Clasificación Decimal Universal 9(46.41 Alcala)
100 1# - ENTRADA PRINCIPAL--NOMBRE DE PERSONA
Nombre de persona Portilla y Esquivel, Miguel de.
9 (RLIN) 93248
245 10 - MENCIÓN DEL TÍTULO
Título Historia de la ciudad de Compluto, vulgarmente, Alcala de Santivste, y ahora de Henares
Resto del título : [Microforma].
260 ## - PUBLICACIÓN, DISTRIBUCIÓN, ETC.
Lugar de publicación, distribución, etc. Madrid :
Nombre del editor, distribuidor, etc. Ateneo Cientifico, Literario y Artistico,
Fecha de publicación, distribución, etc. 1990.
300 ## - DESCRIPCIÓN FÍSICA
Extensión 1 carrete de microfilme :
Otras características físicas negativo ;
Dimensiones 16 mm.
500 ## - NOTA GENERAL
Nota general Publicado originalmente: Alcala, Joseph Espartosa, 1725-1728, en 2 v.
500 ## - NOTA GENERAL
Nota general Segun Palau, Manual del Librero... v.XIV, p.20, falta un 3er v.
505 8# - NOTA DE CONTENIDO CON FORMATO
Nota de contenido con formato De lo tocante al antiguo Compluto... De sus hijos insignes...
650 14 - PUNTO DE ACCESO ADICIONAL DE MATERIA--TÉRMINO DE MATERIA
Término de materia o nombre geográfico como elemento de entrada Obras anteriores a 1800.
9 (RLIN) 15661
852 ## - LOCALIZACIÓN
Ubicación ES-MaACL
Número de control de estantería MC-386
itemnumber 5357
942 ## - ELEMENTOS DE ENTRADA SECUNDARIOS (KOHA)
Fuente del sistema de clasificación o colocación Clasificación decimal universal
Tipo de ítem Koha Microforma
Holdings
Estatus retirado Estado de pérdida Fuente del sistema de clasificación o colocación Estado de daño No para préstamo Colección Biblioteca de origen Biblioteca actual Ubicación en estantería Fecha de adquisición Total de préstamos Signatura topográfica completa Código de barras Visto por última vez Precio de reemplazo Tipo de ítem Koha
    Clasificación decimal universal     Libros del s. XVIII Biblioteca del Ateneo de Madrid Biblioteca del Ateneo de Madrid Depósito 1 17/01/2008   MC-386 1005303 23/02/2023 23/02/2023 Microforma